| 000 | 00853cab a2200289 4500 | ||
|---|---|---|---|
| 001 | E84574 | ||
| 008 | 090401t1997 xxu||||| |||| 00| 0 eng d | ||
| 035 | _a(Sirsi) u78970 | ||
| 041 | _aeng | ||
| 100 | _aBurns, T | ||
| 245 | 4 | _aThe impact of EC law on noise control in the UK | |
| 260 | _c1997 | ||
| 350 | _a0 | ||
| 490 |
_aScottish Planning and Environmental Law _v(59) February 1997, 7-9(3) |
||
| 520 | _aDescribes the impact of EC law on noise control in the UK. | ||
| 650 | _aCONTROL OF POLLUTION ACT 1974 | ||
| 650 | _aEC LAW | ||
| 650 | _aEC NOISE LAW | ||
| 650 | _aENVIRONMENT ACT 1995 | ||
| 650 | _aENVIRONMENTAL NOISE | ||
| 650 | _aENVIRONMENTAL PROTECTION ACT 1990 | ||
| 650 | _aNOISE ABATEMENT ACT 1960 | ||
| 650 | _aNOISE CONTROL | ||
| 690 | _aENVIRONMENTAL AND LAND CONSULTANCY | ||
| 942 | _n0 | ||
| 948 | _c17/06/1997 | ||
| 999 |
_c49624 _d49624 |
||